Normal view
MARC view
- QUALITY CONTROL STATISTICAL METHODS SAMPLING STATISTICS PROCESSES CONTROL
Entry Topical Term
001 - CONTROL NUMBER
- control field: 75192
003 - CONTROL NUMBER IDENTIFIER
- control field: NUST
005 - DATE AND TIME OF LATEST TRANSACTION
- control field: 20210628205354.0
008 - FIXED-LENGTH DATA ELEMENTS
- fixed length control field: 210628|| aca||aabn | a|a d
040 ## - CATALOGING SOURCE
- Original cataloging agency: NUST
- Transcribing agency: NUST
150 ## - HEADING--TOPICAL TERM
- Topical term or geographic name entry element: QUALITY CONTROL STATISTICAL METHODS SAMPLING STATISTICS PROCESSES CONTROL
670 ## - SOURCE DATA FOUND
- Source citation: Work cat.: (NUST): Ghosh, Subir Smith, William Bschucany, William R 75191, Statistics of quality, 1997
